Σύρα, ιστορική ιχνηλασία, Παρίσι 1790

Αποθηκεύτηκε σε:
Λεπτομέρειες βιβλιογραφικής εγγραφής
Κύριος συγγραφέας: Δελλαρόκας, Στέφανος
Άλλοι συγγραφείς: Ρούσσος, Μάρκος Ν. (Συγγραφέας εισαγωγής κ.λπ., Μεταφραστής)
Μορφή: Βιβλίο
Γλώσσα:Greek
French
Δημοσίευση: Σύρος : Πίστη και Ζωή, 2008.
Θέματα:
Ετικέτες: Προσθήκη ετικέτας
Δεν υπάρχουν, Καταχωρήστε ετικέτα πρώτοι!

MARC

LEADER 00000cam a2200000 a 4500
001 1/109244
008 151027s2008####gr | ||| |||| ||gre||
020 |a 9789609846509 
040 |a GR-MyUa  |b gre  |c GR-MyUa  |e AACR2 
041 1 |a gre  |h fre 
082 7 |a 938.971   |2 (23)  
100 1 |a Δελλαρόκας, Στέφανος. 
245 1 0 |a Σύρα, ιστορική ιχνηλασία, Παρίσι 1790 /   |c Αββά Στεφάνου Δελλαρόκα ; εισαγωγή, μετάφραση, σχόλια Μάρκου Ν. Ρούσσου-Μηλιδώνη ; σχέδια Αυγουστίνου Π. Παλαιολόγου.  
260 |a Σύρος :   |b Πίστη και Ζωή,   |c 2008.  
300 |a 222 σ. :   |b εικ.   |c 24 εκ.  
500 |a Κυκλοφόρησε πρώτη φορά στη Γαλλία, το 1970 ως μέρος 3τομου έργου για την μελισσοκομία.  
651 0 |a Syros Island (Greece)  |x History. 
700 1 |a Ρούσσος, Μάρκος Ν.  |e aui  |e trl 
852 |a INST  |b SYROS  |c KYK  |e 20151029  |h 938.971 ΔΕΛ  |p 005500011956  |q 005500011956  |t BK  |y 0 
970 |a Κοντού  |b Παρασκευή  |z 27/10/2015